000 00348nam a2200133Ia 4500
008 240624s9999 xx 000 0 und d
041 _aeng
082 _a658.4 CHR
100 _aCHRISTENSEN CLAYTON M
245 _aCOMPETING AGAINST LUCK THE STORY OF INNO
260 _c2016
_aNew York
_bHarper Business
300 _a262 p.; 28 cm.
365 _cRS
999 _c29374
_d29374